Loading...
| Philosophy | 0 | 5 | 1 | 0 | 45 | 52 | 75.40 | 5 | 5 |
| Fine Arts - Classical Music | 0 | 3 | 0 | 1 | 30 | 70 | 100.67 | 1 | 3 |
| History - European History | 0 | 3 | 0 | 0 | 30 | 24 | 51.33 | 2 | 3 |
| Literature - British Literature | 0 | 3 | 0 | 0 | 30 | 52 | 75.33 | 2 | 3 |
| Other | 0 | 3 | 0 | 0 | 30 | 72 | 84.00 | 1 | 3 |
| Fine Arts - Other Fine Arts | 0 | 2 | 0 | 0 | 20 | 77 | 90.50 | 1 | 2 |
| Literature - American Literature | 0 | 2 | 0 | 0 | 20 | 115 | 122.50 | 1 | 2 |
| Fine Arts - Painting & Sculpture | 0 | 2 | 1 | 0 | 15 | 110 | 113.50 | 2 | 2 |
| History - World History | 0 | 2 | 1 | 0 | 15 | 90 | 97.50 | 2 | 2 |
| Mythology | 0 | 1 | 0 | 0 | 10 | 89 | 89.00 | 0 | 1 |
| Social Science | 0 | 1 | 1 | 0 | 5 | 121 | 121.00 | 1 | 1 |
| Literature - World Literature | 0 | 1 | 1 | 0 | 5 | 74 | 74.00 | 1 | 1 |
| Literature - European Literature | 0 | 0 | 0 | 0 | 0 | 0.00 | 0 | 0 | |
| History - American History | 0 | 1 | 3 | 0 | -5 | 94 | 94.00 | 1 | 1 |